Statistics for Pokémon Mystery Dungeon Friend Areas

Click here to take the quiz!

General Stats

  • This quiz has been taken 52 times
    (50 since last reset)
  • The average score is 29 of 57

Answer Stats

LocationArea% Correct
VolcanoCrater
87%
Mountain RangeMt. Cleft
80%
Southern IslesSouthern Island
80%
Southern SeaTreasure Sea
80%
PlainsBeau Plains
73%
RuinsDecrepit Lab
73%
CaveEcho Cave
73%
Mountain RangeMt. Discipline
73%
RiverRub-a-Dub River
73%
JungleJungle
67%
Mountain RangeMt. Moonview
67%
Western ForestMushroom Forest
67%
RelicsAncient Relic
60%
Northern SeaBountiful Sea
60%
Mountain RangeDarkness Ridge
60%
Southern SeaDeep Sea Floor
60%
Western IslesFinal Island
60%
MarshPoison Swamp
60%
South PlainsSafari
60%
Eastern PondsTadpole Pond
60%
CaveDragon Cave
53%
Eastern ForestFlyaway Forest
53%
BadlandsMagnetic Quarry
53%
RuinsPower Plant
53%
Mountain RangeRainbow Peak
53%
BadlandsRavaged Field
53%
VolcanoScorched Plains
53%
PondTurtleshell Pond
53%
CaveBoulder Cave
47%
Eastern ForestEnergetic Forest
47%
BeachIce Floe Beach
47%
Northern IslesLegendary Island
47%
Northern LakesMystic Lake
47%
MarshPeanut Swamp
47%
PlainsSacred Field
47%
Northern SeaSerene Sea
47%
PlainsSky Blue Plains
47%
Western ForestTransform Forest
47%
South PlainsWild Plains
47%
RelicsAged Chamber AN
40%
RelicsAged Chamber O?
40%
CaveCryptic Cave
40%
Western ForestHealing Forest
40%
Mountain RangeMt. Deepgreen
40%
Eastern ForestOvergrown Forest
40%
Southern SeaSeafloor Cave
40%
Western ForestSecretive Forest
40%
SkyStratos Lookout
40%
BeachShallow Beach
33%
VolcanoVolcanic Pit
33%
Eastern PondWaterfall Lake
33%
Northern SeaDeep Sea Current
27%
Southwest IslesEnclosed Island
27%
Eastern ForestMist-Rise Forest
27%
BadlandsThunder Meadow
27%
GlacierFrigid Cavern
20%
DesertFurnace Desert
20%

Score Distribution

Percentile by Number Answered

Percent of People with Each Score

Your Score History

You have not taken this quiz since the last reset